000 00306 a2200109 4500
001 ART_44225
005 20260410161842.0
008 260409a
245 1 0 _aDerechos humanos y discapacidad
100 1 _aSavignano, Luciano C.
773 0 _tRAP
_g- Año 39, Nº 468 (sep. 2017)
_wREV5941
999 _c24233
_d24233